000 00879cam a2200289 i 4500
001 2302
003 BD-RjUL
005 20211208233524.0
008 131211s1979 nyua b 001 0 eng
020 _a0070715645
035 _a(BD-RjUL)2329
040 _aDLC
_cDLC
_dDLC
_dBD-RjUL
_beng
041 _aeng
082 0 0 _a339
_219
_bWOI 1979
100 1 _aWonnacott, Paul.
_97468
245 1 3 _aAn introduction to macroeconomics /
_cPaul Wonnacott, Ronald Wonnacott.
260 _aNew York :
_bMcGraw-Hill,
_cc1979.
300 _axxi, 403 p. :
_bill. ;
_c24 cm.
500 _aSelected from the author's Economics.
504 _aIncludes bibliographical references and index.
650 0 _aMacroeconomics.
_95854
700 1 _aWonnacott, Ronald J.,
_ejoint author.
_97469
740 _aMacroeconomics.
942 _2ddc
_cBK
999 _c2302
_d2302